<?xml version="1.0" encoding="UTF-8"?><?xml-stylesheet type="text/xsl" href="static/style.xsl"?><OAI-PMH xmlns="http://www.openarchives.org/OAI/2.0/" xmlns:xsi="http://www.w3.org/2001/XMLSchema-instance" xsi:schemaLocation="http://www.openarchives.org/OAI/2.0/ http://www.openarchives.org/OAI/2.0/OAI-PMH.xsd"><responseDate>2026-04-14T05:32:32Z</responseDate><request verb="GetRecord" identifier="oai:www.recercat.cat:10459.1/465759" metadataPrefix="marc">https://recercat.cat/oai/request</request><GetRecord><record><header><identifier>oai:recercat.cat:10459.1/465759</identifier><datestamp>2025-09-15T18:17:40Z</datestamp><setSpec>com_2072_3622</setSpec><setSpec>col_2072_479130</setSpec></header><metadata><record xmlns="http://www.loc.gov/MARC21/slim" xmlns:dcterms="http://purl.org/dc/terms/" xmlns:xsi="http://www.w3.org/2001/XMLSchema-instance" xmlns:doc="http://www.lyncode.com/xoai" xsi:schemaLocation="http://www.loc.gov/MARC21/slim http://www.loc.gov/standards/marcxml/schema/MARC21slim.xsd">
   <leader>00925njm 22002777a 4500</leader>
   <datafield ind2=" " ind1=" " tag="042">
      <subfield code="a">dc</subfield>
   </datafield>
   <datafield ind2=" " ind1=" " tag="720">
      <subfield code="a">Torné Ruiz, Alba</subfield>
      <subfield code="e">author</subfield>
   </datafield>
   <datafield ind2=" " ind1=" " tag="720">
      <subfield code="a">Reguant Álvarez, Mercedes</subfield>
      <subfield code="e">author</subfield>
   </datafield>
   <datafield ind2=" " ind1=" " tag="720">
      <subfield code="a">Sanromà Ortíz, Montserrat</subfield>
      <subfield code="e">author</subfield>
   </datafield>
   <datafield ind2=" " ind1=" " tag="720">
      <subfield code="a">Piriz, Marta</subfield>
      <subfield code="e">author</subfield>
   </datafield>
   <datafield ind2=" " ind1=" " tag="720">
      <subfield code="a">Roca Llobet, Judith</subfield>
      <subfield code="e">author</subfield>
   </datafield>
   <datafield ind2=" " ind1=" " tag="720">
      <subfield code="a">García Expósito, Judith</subfield>
      <subfield code="e">author</subfield>
   </datafield>
   <datafield ind2=" " ind1=" " tag="260">
      <subfield code="c">2024</subfield>
   </datafield>
   <datafield ind2=" " ind1=" " tag="520">
      <subfield code="a">Background: Phlebitis related to peripheral venous catheters (PVCs) is a common complication in patients who require these devices and can have important consequences for the patients and the healthcare system. The management and control of the PVC-associated complications is related to nursing competency. The present study aims to determine, at the national level in Spain, the consensus on the assessment, treatment, and follow-up of PVC-related phlebitis and the importance of the actions taken.
Method: A three-round Delphi technique was used with clinical care nurses who are experts in the field of in-hospital intravenous treatment in Spain. For this, an online questionnaire was developed with three open-ended questions on the dimensions of phlebitis assessment, treatment, and follow-up. For the statistical analysis of the results, frequencies and percentages were used to determine consensus, and the measures of central tendency (mean, standard deviation, and the coefficient of variation) were used to rank importance. The coefficient of variation was set as acceptable at ≤30%.
Results: The final sample was 27 expert nurses. At the conclusion of round 3, actions were ranked according to their importance, with six items included in the PVC-related phlebitis assessment (symptomatology/observation, redness, the Maddox scale, induration, temperature, and pain), two in treatment (catheter removal, pentosan polysulphate sodium ointment + application of cold), and just one in follow-up (general monitoring + temperature control).
Conclusions: There is a major disparity in relation to the PVC-related phlebitis assessment, treatment, and follow-up actions. More clinical studies are therefore needed to minimise the complications associated with the use of PVCs, given their impact on the quality of care and patient safety and their economic cost.</subfield>
   </datafield>
   <datafield tag="653" ind2=" " ind1=" ">
      <subfield code="a">Delphi technique</subfield>
   </datafield>
   <datafield tag="653" ind2=" " ind1=" ">
      <subfield code="a">Intravenous infusion</subfield>
   </datafield>
   <datafield tag="653" ind2=" " ind1=" ">
      <subfield code="a">Nursing</subfield>
   </datafield>
   <datafield tag="653" ind2=" " ind1=" ">
      <subfield code="a">Peripheral venous catheter</subfield>
   </datafield>
   <datafield tag="653" ind2=" " ind1=" ">
      <subfield code="a">Phlebitis</subfield>
   </datafield>
   <datafield ind2="0" ind1="0" tag="245">
      <subfield code="a">Assessment, Treatment, and Follow-Up of Phlebitis Related to Peripheral Venous Catheterisation: A Delphi Study in Spain</subfield>
   </datafield>
</record></metadata></record></GetRecord></OAI-PMH>